000 01342nam0a2200409 4500
001 RU\NLR\bibl\1840264
005 20250616171928.0
010 _a978-5-386-03817-5
_95000
021 _aRU
_b2011-87484
_96244
035 _a(nilc)RSL-KNO-005075824
035 _aLIBNET\0000228959
035 _a(NLR Aleph) 001830728
090 _a2134778
_c2134778
100 _a20111114d2011 |||y0rusy50 ca
101 0 _arus
102 _aRU
105 _aa |||||||||
200 1 _aДомашние тапочки ручной работы
_fШилкова Е. А.
210 _aМосква
_cРИПОЛ классик
_d2011
215 _a251, [2] с., [4] л. цв. ил.
_cил.
_d21
225 1 _aШкола рукоделия
300 _aНа обл. авт. не указан
606 1 _aТапки
_92472288
_3RU\NLR\auth\661468236
686 _aМ558я9
_2rubbk
686 _aМ557.2я9
_2rubbk
686 _a0510
_aРукоделие
_2TCC-BG
686 _aМ557.2
700 1 _aШилкова
_bЕ. А.
_gЕлена Александровна
_4070
801 0 _aRU
_bРКП
_c20111114
_grcr
801 1 _aRU
_bРГБ
_c20111114
801 2 _aRU
_bЦУНБ Москва
_c20120412
_grcr
801 2 _aRU
_bNLR
_c20111130
_grcr
830 _aCODE_OF_LIBNET\000065475
942 _cBOOK
980 _aNB
980 _aNBR